000 00201nam a2200109Ia 4500
100 _aLUDLUM/ROBERT.
942 _cBK
245 _aJASON DIRECTIVE
260 _b#N/A
546 _aENGLISH
999 _c33062
_d33062